| 000 | 01335nam a22002537a 4500 | ||
|---|---|---|---|
| 005 | 20250211154533.0 | ||
| 008 | 151014n fr ||||fr|||| 00| f fre d | ||
| 040 |
_cSandra Yazo _dSandra Yazo |
||
| 041 | 0 | _afre | |
| 082 |
_220 _a843.3 |
||
| 092 | _aE37N116 | ||
| 100 |
_aVogüé, Eugène-Melchior _cvicomte de _q1848-1910 _972297 |
||
| 242 | 0 | 3 |
_aEl señor del mar _cpor el Vizconde Eugène Melchior de Vogüé |
| 245 | 1 | 3 |
_aLe maître de la Mer _cpar le Vte. E. – M. De Vogüé |
| 260 |
_aParís [Francia] _bNelson, éditeurs [Nelson, Editores] _c[fecha desconocida] |
||
| 300 |
_a472 páginas _c16 x 11 cm. |
||
| 490 | 0 | _aCollection Nelson [Colección Nelson] | |
| 500 | _aDetalles físicos: Encuadernación rígida en cartón forrado en tela. Tapa delantera y lomo con impresos y repujados. Guardas en papel decorado. Hoja de cortesía. Lámina con ilustración en el frontispicio. Portada impresa en una sola tinta enmarcada. Texto impreso en una sola columna. Sobrecubierta de papel con ilustraciones y en mal estado. Ejemplar empieza a desencuadernarse. Papel con manchas en los bordes. Comienza a descuadernarse | ||
| 506 | _aConsulta en sala | ||
| 650 | 7 |
_920506 _aNovela francesa |
|
| 650 | 7 |
_97794 _aLiteratura francesa |
|
| 690 |
_aLiteratura europea _926524 |
||
| 942 |
_2LOCAL _cLIBRO _e1 _hE37N115 |
||
| 999 |
_c301847 _d301847 |
||